000 00331nam a2200145Ia 4500
008 210716s1993 xx 000 0 und d
041 _aeng
082 _a005.302 HARG
100 _aHarvey, Greg.
245 _a123 for dummies.
250 _a1
260 _aNew Delhi
_bPustak mahal
_c1993
300 _axvi,334
650 _aNone
999 _c182572
_d182572